LEADER 01157nam a2200229 a 4500 001 000000147049 003 CaOOAMICUS 005 20151104111526.0 008 151104s1913 gw af u000 u ger r 032 $aLibriCat 040 $aPUL$bita 100 1 $aHassl, Guido.$0(OLS)http://pul/name/94028 245 10$aIm Tale der Wunderblume von Helfta :$bErinnerungsblätter aus der Zeit, dem Leben und den Werken der heiligen Gertrudis der Grossen, sowie ihrer Ordensgenossinnen im Kloster Helfta /$cvon Guido Hassl. 260 $aMergentheim a. T. :$bOhlinger,$c1913. 300 $aVI, 262 p. :$bill., tav. ;$c20 cm. 600 04$aGertrudis,$cs.,$d1256-c. 1302.$0(OLS)http://pul/subject/10608 850 $aPUL 852 $aPUL$W1$xDP1 Religione 1$y20$m642 L 65$j169999$qStampati$B170775$CPULBib$Z2$F170775 $81 941 1 $a8 996 $6245$aIm Tale der Wunderblume von Helfta :$bErinnerungsblätter aus der Zeit, dem Leben und den Werken der heiligen Gertrudis der Grossen, sowie ihrer Ordensgenossinnen im Kloster Helfta$9(OLS)http://pul/title/185682 996 $6260$aMergentheim a. T. :$bOhlinger$9(OLS)http://pul/publisher/84126 LEADER 01428nam a2200301 a 4500 001 000000153833 003 CaOOAMICUS 005 20160913154938.0 008 160913s1993 ne u000 u eng r 020 $a0-7923-2383-1* 032 $aLibriCat 040 $aPUL$bita 245 00$aMonitoring human right in Europe :$bcomparing international procedures and mechanisms /$cedited by Arie Bloed [et al.] ... 260 $aLeiden ;$aBoston :$bMartinus Nijhoff Publishers,$c1993. 300 $axvi, 338 p. ;$c25 cm. 490 1 $aInternational Studies in Human Rights ;$v30 504 $aBibliografia in nota a piè pagina. 650 4$aDiritti umani$xDiritto e legislazione.$0(OLS)http://pul/subject/18255 650 4$aDiritto internazionale$zEuropa.$0(OLS)http://pul/subject/21421 700 1 $aBloed, Arie.$0(OLS)http://pul/name/97910 830 0$aInternational Studies in Human Rights ;$v30.$0(OLS)http://pul/title/40820 850 $aPUL 852 $aPUL$W1$xDP1 Fondo G. Barberini$y122$m4 B 95$j163318$qFondi$B179800$CPULBib$Z2$F179800 $HBar2152 $81 941 1 $a1 996 $6020$a0-7923-2383-1*$9(OLS)http://pul/number/161020 996 $6245$aMonitoring human right in Europe :$bcomparing international procedures and mechanisms$9(OLS)http://pul/title/193374 996 $6260$aLeiden ;$aBoston :$bMartinus Nijhoff Publishers$9(OLS)http://pul/publisher/76117